| 000 | 00639nam a2200205 u 4500 | ||
|---|---|---|---|
| 005 | 20220701130658.0 | ||
| 008 | 120817s1997 r 000 0 eng d | ||
| 020 | _a8475175392 | ||
| 035 | _aUPN01000186255 | ||
| 049 | _aI | ||
| 050 | 4 |
_aPZ74.3 _bR4.2 |
|
| 100 | 1 |
_aReviejo Hernández, Carlos, _d1942- _932696 |
|
| 245 | 1 | 3 |
_aLa canción del grillo / _cCarlos Reviejo ; il. Fernando Gómez. |
| 260 |
_aMadrid : _bHiperión, _c1997. |
||
| 300 |
_a76 p. : _bil. |
||
| 440 | 0 |
_aAjonjolí, poesía hiperión para niños de todas las edades ; _v12 |
|
| 650 | 0 |
_aPoesía infantil española _911100 |
|
| 905 | _aInfantil | ||
| 999 |
_c158358 _d158358 |
||